Online
Catalog

Los registros parroquiales y la microhistoria demográfica en Puerto Rico / (Record no. 6336)

MARC details
000 -CABECERA
campo de control de longitud fija 00828cam a2200217 a 4500
001 - NÚMERO DE CONTROL
campo de control 000006545
005 - FECHA Y HORA DE LA ÚLTIMA TRANSACCIÓN
campo de control 20200929153941.0
008 - DATOS DE LONGITUD FIJA--INFORMACIÓN GENERAL
campo de control de longitud fija 920730s1990 pr a b 000 0 spa
035 ## - NÚMERO DE CONTROL DEL SISTEMA
Número de control de sistema (DLC) 92193294
040 ## - FUENTE DE LA CATALOGACIÓN
Centro catalogador/agencia de origen DO-SdBNP
Centro/agencia transcriptor DLC
Centro/agencia modificador BNPHU
082 ## - NÚMERO DE LA CLASIFICACIÓN DECIMAL DEWEY
Número de clasificación 929.3
Número de documento/Ítem R696r
049 ## - FONDOS LOCALES (OCLC)
Fondos de biblioteca BNGR
100 1# - ENTRADA PRINCIPAL--NOMBRE DE PERSONA
Nombre de persona Rodríguez León, Mario A.
9 (RLIN) 18180
245 14 - MENCIÓN DE TÍTULO
Título Los registros parroquiales y la microhistoria demográfica en Puerto Rico /
Mención de responsabilidad, etc. Mario A. Rodríguez León.
260 ## - PUBLICACIÓN, DISTRIBUCIÓN, ETC.
Lugar de publicación, distribución, etc. San Juan, Puerto Rico :
Nombre del editor, distribuidor, etc. Centro de Estudios Avanzados de Puerto Rico y el Caribe,
Fecha de publicación, distribución, etc. 1990.
Lugar de fabricación/manufactura Santo Domingo
Fabricante Corripio
300 ## - DESCRIPCIÓN FÍSICA
Extensión 425 p. :
Otras características físicas il. ;
Dimensiones 23 cm.
504 ## - NOTA DE BIBLIOGRAFÍA, ETC.
Nota de bibliografía, etc. Biografías: p. 415-425.
651 #4 - PUNTO DE ACCESO ADICIONAL DE MATERIA--NOMBRE GEOGRÁFICO
Nombre geográfico Purto Rico
Subdivisión general Población
-- Historia
-- Fuentes
9 (RLIN) 18181
650 #4 - PUNTO DE ACCESO ADICIONAL DE MATERIA--TÉRMINO DE MATERIA
Término de materia o nombre geográfico como elemento de entrada Registros eclesiásticos
Subdivisión geográfica Puerto Rico.
9 (RLIN) 18182
910 ## - DATOS DE OPCIÓN DEL USUARIO (OCLC)
Datos de opción del usuario Catalogación por copia / LC
Holdings
Estado de retiro Estado de pérdida Restricciones de uso No para préstamo Código de colección Localización permanente Ubicación/localización actual Ubicación en estantería Fecha de adquisición Número de inventario Total de préstamos Signatura topográfica completa Código de barras Fecha visto por última vez Precio válido a partir de Tipo de ítem Koha
    Préstamo interno   Monografías: Libros y Folletos General General En catalogación 31.08.2009 LF1   929.3 R696r 6545-10 25.06.2020 25.06.2020 Préstamo interno

Powered by Koha